00701nam a2200193 4500001000700000003000900007005001700016007000300033008004100036245003400077250001800111260005500129300002200184500008200206710004600288852003200334999001900366952012200385144210ES-MaACL20230906200951.0t|070214s1965 sp r ||||1| spa d00aSindicalismo y cooperación. a2ª ed. ampl. aMadrid : b[s. n.], c1965 (fBolaños y Aguilar) a101 p. ; c21 cm. aPrecede al tít.: Organización Sindical Española, Servicios Jurídicos.2 aOrganización Sindical Española.96077 aES-MaACLjC-27074 bR.56048 c144210d144210 00104070aATENEOMbATENEOMcDEPO2d2008-01-17eSCl0oC-27074p1150035r2023-02-23 00:00:00w2023-02-23yMONOGRAFIA